000 00770nam a2200265Ia 4500
003 OSt
005 20220925223252.0
006 a|||||r|||| 00| 0
007 ta
008 220923b |||||||| |||| 00| 0 eng d
020 _a0415037255
037 _cGeneral Book
040 _aRTL
_cRTL
_beng
041 _2eng
_aeng
082 _aY15:45.3.N8, N0
100 _aWorrall Anne
_9265001
245 0 _aOffending women
_b Female law breakers and the criminal justice system
260 _aLondon
_bRoutledge
_c1990
300 _aix+189p
_ccm.
490 _aSociology of Law and Crime
500 _aBibliography: p 181-186
650 _aWomen Sociology
942 _hY15:45.3.N8, N0
_cGB
_2CC
999 _c579104
_d579104